The new converts (Record no. 77771)

MARC details
000 -LEADER
fixed length control field 00839cab a2200205 4500
001 - CONTROL NUMBER
control field ##L135047
008 - FIXED-LENGTH DATA ELEMENTS--GENERAL INFORMATION
fixed length control field 060921n2006 000 0 eng u
035 ## - SYSTEM CONTROL NUMBER
System control number (Sirsi) u135047
041 0# - LANGUAGE CODE
Language code of text/sound track or separate title eng
100 1# - MAIN ENTRY--PERSONAL NAME
Personal name Brooks, Keith
245 04 - TITLE STATEMENT
Title The new converts
260 ## - PUBLICATION, DISTRIBUTION, ETC.
Date of publication, distribution, etc. 2006
490 #0 - SERIES STATEMENT
Series statement Property Week
Volume/sequential designation 71(37) 15 September 2006, 54(1)
520 ## - SUMMARY, ETC.
Summary, etc. Examines the problems which can arise with the refurbishment or conversion of high-quality residential schemes. Works can be more costly and complex than contractors anticipate and getting the right balance between unit size, apartment mix and efficient net-to-gross ratio can be difficult. Tables.
590 ## - LOCAL NOTE (RLIN)
Local note IKA031006
651 #4 - SUBJECT ADDED ENTRY--GEOGRAPHIC NAME
Geographic name United Kingdom
Chronological subdivision
690 ## - LOCAL SUBJECT ADDED ENTRY--TOPICAL TERM (OCLC, RLIN)
Topical term or geographic name as entry element PROPERTY-RESIDENTIAL PROPERTY-DOMESTIC RESIDENTIAL PROPERTY-HOUSING-FLATS
700 1# - ADDED ENTRY--PERSONAL NAME
Personal name Moore, Paul
942 ## - ADDED ENTRY ELEMENTS (KOHA)
Suppress in OPAC 0
Holdings
Withdrawn status Lost status Source of classification or shelving scheme Damaged status Not for loan Home library Current library Shelving location Date acquired Total Checkouts Full call number Barcode Date last seen Copy number Price effective from Koha item type
    Dewey Decimal Classification     London London Journal article 21/09/2006   L135047 135047-1001 06/08/2019 1 06/08/2019 Journal article